Zimmern, Heinrich, Biblische und babylonische Urgeschichte: [Rezension]

Saved in:  
Bibliographic Details
Main Author: Hommel, Fritz 1854-1936 (Author)
Format: Print Review
Language:German
Check availability: HBZ Gateway
Interlibrary Loan:Interlibrary Loan for the Fachinformationsdienste (Specialized Information Services in Germany)
Published: 1901
In: Theologisches Literaturblatt
Year: 1901, Volume: 22, Issue: 47, Pages: 553-560
Review of:Biblische und babylonische Urgeschichte (Leipzig : Hinrichs, 1901) (Hommel, Fritz)
Further subjects:B Book review
Parallel Edition:Electronic

MARC

LEADER 00000caa a2200000 c 4500
001 1485628547
003 DE-627
005 20240705205011.0
007 tu
008 141015s1901 xx ||||| o 00| ||ger c
035 |a (DE-627)1485628547 
035 |a (DE-576)415628547 
035 |a (DE-599)BSZ415628547 
040 |a DE-627  |b ger  |c DE-627  |e rakwb 
041 |a ger 
084 |a 1  |2 ssgn 
100 1 |0 (DE-588)116976055  |0 (DE-627)134493117  |0 (DE-576)161478999  |4 aut  |a Hommel, Fritz  |d 1854-1936 
109 |a Hommel, Fritz 1854-1936 
245 1 0 |a Zimmern, Heinrich, Biblische und babylonische Urgeschichte  |b [Rezension]  |c Fritz Hommel 
264 1 |c 1901 
336 |a Text  |b txt  |2 rdacontent 
337 |a ohne Hilfsmittel zu benutzen  |b n  |2 rdamedia 
338 |a Band  |b nc  |2 rdacarrier 
601 |a Babylon 
601 |a Urgeschichte 
601 |a Rezension 
655 7 |a Rezension  |0 (DE-588)4049712-4  |0 (DE-627)106186019  |0 (DE-576)209083166  |2 gnd-content 
773 0 8 |i In  |t Theologisches Literaturblatt  |d Leipzig : Dörffling & Franke, 1880  |g 22(1901), 47, Seite 553-560  |w (DE-627)167346571  |w (DE-600)502241-1  |w (DE-576)015634965  |7 nnas 
773 1 8 |g volume:22  |g year:1901  |g number:47  |g pages:553-560 
776 0 8 |i Erscheint auch als  |n Online-Ausgabe  |a Hommel, Fritz, 1854 - 1936  |t Zimmern, Heinrich, Biblische und babylonische Urgeschichte  |d 1901  |w (DE-627)1520894376  |w (DE-576)450894371  |k Electronic 
787 0 8 |i Rezension von  |a Zimmern, Heinrich, 1862 - 1931  |t Biblische und babylonische Urgeschichte  |d Leipzig : Hinrichs, 1901  |h 40 S.  |w (DE-627)1154928144  |w (DE-576)08492814X 
951 |a AR 
ELC |b 1 
ITA |a 1  |t 1 
LOK |0 000 xxxxxcx a22 zn 4500 
LOK |0 001 2817963768 
LOK |0 003 DE-627 
LOK |0 004 1485628547 
LOK |0 005 20141015142802 
LOK |0 008 141015||||||||||||||||ger||||||| 
LOK |0 040   |a DE-21  |c DE-627  |d DE-21 
LOK |0 852   |a DE-21 
LOK |0 852 1  |c Gd 107 b.4-22.1901  |9 00 
LOK |0 935   |a ixrz  |a theo 
LOK |0 939   |a 15-10-14  |b l01 
ORI |a SA-MARC-ixtheoa001.raw